|
|
|
|
| LEADER |
00000nam2a2200000 4500 |
| 001 |
342481 |
| 005 |
20231208105833.0 |
| 035 |
|
|
|a (RuTPU)RU\TPU\book\371543
|
| 090 |
|
|
|a 342481
|
| 100 |
|
|
|a 20190305d2019 k y0rusy50 ca
|
| 101 |
0 |
|
|a rus
|
| 102 |
|
|
|a RU
|
| 105 |
|
|
|a a z 001zy
|
| 200 |
0 |
|
|a Т. 330, № 1
|
| 210 |
|
|
|d 2019
|
| 215 |
|
|
|a 223 с.
|c ил.
|
| 320 |
|
|
|a Библиография в конце статей
|
| 461 |
|
1 |
|0 (RuTPU)RU\TPU\book\353411
|t Известия Томского политехнического университета [Известия ТПУ]. Инжиниринг георесурсов
|l Bulletin of the Tomsk Polytechnic University. Geo Assets Engineering
|f Национальный исследовательский Томский политехнический университет (ТПУ)
|v Т. 330, № 1
|d 2015-
|
| 606 |
1 |
|
|a Научно-технический потенциал
|2 stltpush
|3 (RuTPU)RU\TPU\subj\45166
|9 64427
|
| 610 |
1 |
|
|a Сахалинская область
|
| 610 |
1 |
|
|a железосодержащие минералы
|
| 610 |
1 |
|
|a россыпи
|
| 610 |
1 |
|
|a Западная Сибирь
|
| 610 |
1 |
|
|a месторождения
|
| 610 |
1 |
|
|a применение
|
| 610 |
1 |
|
|a Горный Алтай
|
| 610 |
1 |
|
|a Красноярское рудное поле
|
| 610 |
1 |
|
|a магматизм
|
| 610 |
1 |
|
|a эпитермальное золото-серебряное оруденение
|
| 610 |
1 |
|
|a золото-серебряное оруденение
|
| 610 |
1 |
|
|a руды
|
| 610 |
1 |
|
|a измельчение
|
| 610 |
1 |
|
|a структура
|
| 610 |
1 |
|
|a реконфигурация
|
| 610 |
1 |
|
|a принятие решений
|
| 610 |
1 |
|
|a компьютерные модели
|
| 610 |
1 |
|
|a Дальний Восток
|
| 610 |
1 |
|
|a Буреинский бассеин
|
| 610 |
1 |
|
|a нефтегазовый потенциал
|
| 610 |
1 |
|
|a геотермия
|
| 610 |
1 |
|
|a отрасли промышленности
|
| 610 |
1 |
|
|a электродвигатели
|
| 610 |
1 |
|
|a надежность
|
| 610 |
1 |
|
|a труды учёных ТПУ
|
| 675 |
|
|
|a 62
|v 4
|
| 801 |
|
1 |
|a RU
|b 63413507
|c 20190305
|
| 801 |
|
2 |
|a RU
|b 63413507
|c 20221212
|g RCR
|
| 942 |
|
|
|c CR
|